Pays d'Asie/Océanie avec la même initiale que Capitale - Mort Subite - Statistiques

Statistiques générales
  • Ce quiz a été pris 36 fois
  • Le résultat moyen est 5 sur 7
Answers on the Grid
Answers color-coded by a green-red scale on the quiz's grid according to % correct below.
Brunei
Koweit
Maldives
Papouasie-Nouvelle-Guinée
Singapour
Sri lanka
Taiwan
Nouvelle-Zélande
Corée du Nord
Mongolie
Samoa
Azerbaïdjan
 
Statistiques - réponses
Réponse % Correct
Koweit city Koweit
88%
Singapour Singapour
85%
Taipei Taiwan
85%
Bandar Seri Begawan Brunei
73%
Sri Jayawardenepura Kotte Sri lanka
67%
Malé Maldives
61%
Port Moresby Papouasie-Nouvelle-Guinée
52%
Aucun quiz correspondant
Distribution des résultats
% des personnes avec chaque résultat
Percentile par nombre de réponses
Votre historique - résultats
Vous n’avez pas pris ce quiz